=LDR 00000nam 2200000 4500 =001 000817 =005 20250711115714 =035 ##$$a 0010-0725000687 =007 ta =008 250711################a##########0#ind## =020 ##$$a 978-623-472-058-7 =082 ##$$a 398.209 598 =084 ##$$a 398.209 598 MAL b =100 #$$a Mala Kumar =245 1#$$a Burung merak dan Pakoda /$c Mala Kumar =250 ##$$a Cetakan pertama =260 ##$$a Jakarta :$b Badan pengembangan dan pembinaan bahasa,$c 2022 =300 ##$$a 24 hlm. : $b Ilus. ; $c Dua dua, 9 cm =650 #4$$a Cerita anak indonesia-terjemahan =650 #4$$a Literasi-bahan bacaan =700 #$$a Manisha Chaudry